<?xml version="1.0" encoding="UTF-8"?><?xml-stylesheet type="text/xsl" href="static/style.xsl"?><OAI-PMH xmlns="http://www.openarchives.org/OAI/2.0/" xmlns:xsi="http://www.w3.org/2001/XMLSchema-instance" xsi:schemaLocation="http://www.openarchives.org/OAI/2.0/ http://www.openarchives.org/OAI/2.0/OAI-PMH.xsd"><responseDate>2026-04-18T07:26:40Z</responseDate><request verb="GetRecord" identifier="oai:www.recercat.cat:20.500.12327/3081" metadataPrefix="marc">https://recercat.cat/oai/request</request><GetRecord><record><header><identifier>oai:recercat.cat:20.500.12327/3081</identifier><datestamp>2025-10-22T11:03:35Z</datestamp><setSpec>com_2072_4428</setSpec><setSpec>com_2072_4427</setSpec><setSpec>col_2072_487898</setSpec></header><metadata><record xmlns="http://www.loc.gov/MARC21/slim" xmlns:dcterms="http://purl.org/dc/terms/" xmlns:xsi="http://www.w3.org/2001/XMLSchema-instance" xmlns:doc="http://www.lyncode.com/xoai" xsi:schemaLocation="http://www.loc.gov/MARC21/slim http://www.loc.gov/standards/marcxml/schema/MARC21slim.xsd">
   <leader>00925njm 22002777a 4500</leader>
   <datafield ind2=" " ind1=" " tag="042">
      <subfield code="a">dc</subfield>
   </datafield>
   <datafield ind2=" " ind1=" " tag="720">
      <subfield code="a">Blanca, José Miguel</subfield>
      <subfield code="e">author</subfield>
   </datafield>
   <datafield ind2=" " ind1=" " tag="720">
      <subfield code="a">Cañizares, Joaquín</subfield>
      <subfield code="e">author</subfield>
   </datafield>
   <datafield ind2=" " ind1=" " tag="720">
      <subfield code="a">Ziarsolo, Pello</subfield>
      <subfield code="e">author</subfield>
   </datafield>
   <datafield ind2=" " ind1=" " tag="720">
      <subfield code="a">Esteras, Cristina</subfield>
      <subfield code="e">author</subfield>
   </datafield>
   <datafield ind2=" " ind1=" " tag="720">
      <subfield code="a">Mir Arnau, Gisela</subfield>
      <subfield code="e">author</subfield>
   </datafield>
   <datafield ind2=" " ind1=" " tag="720">
      <subfield code="a">Nuez, Fernando</subfield>
      <subfield code="e">author</subfield>
   </datafield>
   <datafield ind2=" " ind1=" " tag="720">
      <subfield code="a">Garcia-Mas, Jordi</subfield>
      <subfield code="e">author</subfield>
   </datafield>
   <datafield ind2=" " ind1=" " tag="720">
      <subfield code="a">Picó, María Belén</subfield>
      <subfield code="e">author</subfield>
   </datafield>
   <datafield ind2=" " ind1=" " tag="260">
      <subfield code="c">2011-07-01</subfield>
   </datafield>
   <datafield ind2=" " ind1=" " tag="520">
      <subfield code="a">Melon (Cucumis melo L.) ranks among the highest-valued fruit&#xd;
crops worldwide. Some genomic tools are available for this crop,&#xd;
including a Sanger transcriptome. We report the generation&#xd;
of 689,054 C. melo high-quality expressed sequence tags&#xd;
(ESTs) from two 454 sequencing runs, using normalized and&#xd;
nonnormalized complementary DNA (cDNA) libraries prepared&#xd;
from four genotypes belonging to the two C. melo subspecies&#xd;
and the main commercial types. 454 ESTs were combined with&#xd;
the Sanger available ESTs and de novo assembled into 53,252&#xd;
unigenes. Over 63% of the unigenes were functionally annotated&#xd;
with Gene Ontology (GO) terms and 21% had known orthologs&#xd;
of Arabidopsis thaliana (L.) Heynh. Annotation distribution&#xd;
followed similar tendencies than that reported for Arabidopsis&#xd;
thaliana, suggesting that the dataset represents a fairly complete&#xd;
melon transcriptome. Furthermore, we identifi ed a set of 3298&#xd;
unigenes with microsatellite motifs and 14,417 sequences with&#xd;
single nucleotide variants of which 11,655 single nucleotide&#xd;
polymorphism met criteria for use with high-throughput genotyping&#xd;
platforms, and 453 could be detected as cleaved amplifi ed&#xd;
polymorphic sequence (CAPS). A set of markers were validated,&#xd;
90% of them being polymorphic in a number of variable C.&#xd;
melo accessions. This transcriptome provides an invaluable new&#xd;
tool for biological research, more so when it includes transcripts&#xd;
not described previously. It is being used for genome annotation&#xd;
and has provided a large collection of markers that will allow&#xd;
speeding up the process of breeding new melon varieties.</subfield>
   </datafield>
   <datafield ind1="8" ind2=" " tag="024">
      <subfield code="a">Blanca, José Miguel, Joaquín Cañizares, Pello Ziarsolo, Cristina Esteras, Gisela Mir, Fernando Nuez, Jordi Garcia-Mas, and María Belén Picó. 2011. «Melon Transcriptome Characterization: Simple Sequence Repeats And Single Nucleotide Polymorphisms Discovery For High Throughput Genotyping Across The Species». The Plant Genome 4 (2): 118-131. doi: 10.3835/plantgenome2011.01.0003</subfield>
   </datafield>
   <datafield ind1="8" ind2=" " tag="024">
      <subfield code="a">1940-3372</subfield>
   </datafield>
   <datafield ind1="8" ind2=" " tag="024">
      <subfield code="a">http://hdl.handle.net/20.500.12327/3081</subfield>
   </datafield>
   <datafield ind1="8" ind2=" " tag="024">
      <subfield code="a">https://doi.org/10.3835/plantgenome2011.01.0003</subfield>
   </datafield>
   <datafield ind2="0" ind1="0" tag="245">
      <subfield code="a">Melon Transcriptome Characterization: Simple Sequence Repeats and Single Nucleotide Polymorphisms Discovery for High Throughput Genotyping across the Species</subfield>
   </datafield>
</record></metadata></record></GetRecord></OAI-PMH>